000 00895nas a2200277 4500
001 BR0800674
003 BR-BrBNA
005 20231205111530.0
007 ta
008 230509b bl.|||p| |||| 00| 00por d
040 _aBR-BrBNA
_bpor
_cBiblioteca Nacional de Agricultura
041 _a(Pt)
072 _aL52
100 1 _aMarin, A.A.
100 1 _aBarbosa, J.M.
100 1 _aBrugiolo, S.S.S.
100 1 _aRamos, S.M.
245 1 _aCrescimento heterogênio em alevinos de curimbatá Prochilodus Lineatus (Valenciennes, 1847)(Pisces, Prochilodontidae): ação de fatores químicos liberados por interespecíficos
650 _aPEIXE
650 _aALEVINO
650 _aCRESCIMENTO
650 _aCURIMBATÁ
773 0 _tBoletim Técnico do CEPTA (Brazil)
_xISSN 0103-1112
_g(1998), v. 11 p. 29-38
_wBR0800674
909 _a202311
_bLúcia
_c55
_dLúcia Elande
942 _2AGRIS
_n0
_cANA
999 _c193202
_d193202